Регионална библиотека "Любен Каравелов" - Русе

Как се каляваше стоманата (Запис номер 442088)

MARC детайли
000 -Лидер
Контролно поле с фиксирана дължина nam a22 a 4500
003 - Код на организацията, давaща контролен номер
Контролно поле BLK
005 - Дата и час на последна редакция
Контролно поле 20221125135709.0
008 - Елементи от данни с фиксирана дължина
fixed length control field 221125b bul|||||r ||||||| ||bul||
010 ## - Наследен системен номер
LC control number KNG00040576RET
040 ## - Източник на каталожния запис
Идентификатор на билиотеката - собственик на записа BLK
041 ## - Код за език
Код за езика на текст/звукозапис или на отделно заглавие Български
Код за езика КДБФ Български
080 ## - УДК
Текстов определител УДК Руска литература
УДК код - определител по УДК 821.161.1
УДК определител -31
УДК - код + определител 821.161.1-31
100 ## - Редна дума - Автор
R(LIN) 382762
Автор Островски, Николай Алексеевич
Авторска отговорност първи автор
139 ## - Редно поле
Редна дума Островски, Николай Алексеевич
245 ## - Сведения за заглавието
Заглавие Как се каляваше стоманата
Подзаглавни данни Роман
Редно поле (дума) Николай Островски ; прев. от рус. Людмил Стоянов ; с предг. от Симеон Русакиев.
250 ## - Област на изданието
Сведения за изданието 21. изд.
257 ## - Страна на издаване
Страна на създаване/издаване СССР
260 ## - Област на издателските данни
Място на издаване, разпространение и проч. София
Име на издателя, разпространителя и проч. Нар. култура
Година на издаване 1979
9 (RLIN) 209547
Издателство - префикс ISBN 954-04-
300 ## - Физическа характеристика
Страници 392 с.
Размери/Мащаб 21 см
380 ## - Жанр
Жанр Худож. лит.
500 ## - Общи забележки
Забележка Ориг. загл. Как закалялась сталь. - 1. изд. 1944 ; В кн. означено 20. изд. - Съдържа и статията Работата ми над романа "Как се каляваше стоманата"
700 ## - Други автори (авторска отговорност)
9 (RLIN) 273181
Лично име Стоянов, Людмил
Автороска отговорност (Описва отношението между автора и произведението) прев.
Друга информация Златарев, Георги Стоянов
852 ## - Местоположение
Форматна сигнатура Цб 96452
Фондова буква Хранилище
856 4# - Електронен адрес и достъп
Електронен формат pdf - файл
Път до файла /url/
Инструкция (цена за достъп) 0.00
Права за достъп disable
856 4# - Електронен адрес и достъп
Електронен формат pdf - файл
Път до файла /url/
Инструкция (цена за достъп) 0.00
Права за достъп disable
999 ## - СИСТЕМНИ КОНТРОЛНИ НОМЕРА
Koha biblionumber 442088
Koha biblioitemnumber 442088
942 ## - АРТИКУЛИ
Вид на библиотечния материал Книги
Скрит в OPAC Не
Източник на класификационната схема Universal Decimal Classification
Периодичен библиозапис Да
944 ## - СЪЗДАВАНЕ И РЕДАКЦИЯ на ЗАПИСА
Създаване/Редакция Създаване
Дата на регистрацията/редакция 2022-11-25
Наличности
Код за отписване Код за изгубен артикул Източник на класификационната схема Код за повреда Коз за рестрикции Код за отдаване Артикулен № Име на библиотеката - собственик Име на библиотеката, в която се намира в момента Статус (Текущо местоположение) Дата на вписване в системата Местоположение - отдел Цена в лева Инвентарен номер Систематично азбучна сигнатура Баркод Цена в евро Служебен тип на артикула
  Не е изгубен Universal Decimal Classification Не е повреден само за читалня ползва се в читалня 867876 Регионална библиотека "Любен Каравелов" Русе Регионална библиотека "Любен Каравелов" Русе Хранилище 2022-01-14 Хранилище 1.35 275220 Цб 96452 120000275220 0.69 Книги
Vip Innovations Ltd, Rousse, Bulgaria 2025